<?xml version="1.0" encoding="UTF-8"?>
<record
    xmlns:xsi="http://www.w3.org/2001/XMLSchema-instance"
    xsi:schemaLocation="http://www.loc.gov/MARC21/slim http://www.loc.gov/standards/marcxml/schema/MARC21slim.xsd"
    xmlns="http://www.loc.gov/MARC21/slim">

  <leader>01789ngm a2200373 a 4500</leader>
  <controlfield tag="001">1198767</controlfield>
  <controlfield tag="003">OSt</controlfield>
  <controlfield tag="005">20210126130904.0</controlfield>
  <controlfield tag="007">vd czazzz</controlfield>
  <controlfield tag="008">090119s2006    bl 246 e          vleng d</controlfield>
  <datafield tag="020" ind1=" " ind2=" ">
    <subfield code="a">9786124706899</subfield>
  </datafield>
  <datafield tag="040" ind1=" " ind2=" ">
    <subfield code="a">CO-BoBLA </subfield>
    <subfield code="b">spa </subfield>
    <subfield code="c">CO-BoBLA</subfield>
  </datafield>
  <datafield tag="041" ind1="1" ind2=" ">
    <subfield code="a">eng</subfield>
    <subfield code="a">spa</subfield>
    <subfield code="a">por </subfield>
    <subfield code="h">eng </subfield>
    <subfield code="h">spa </subfield>
    <subfield code="h">por</subfield>
  </datafield>
  <datafield tag="082" ind1="0" ind2="4">
    <subfield code="a">NG LUCA</subfield>
  </datafield>
  <datafield tag="100" ind1=" " ind2=" ">
    <subfield code="4">George Lucas.</subfield>
  </datafield>
  <datafield tag="245" ind1="0" ind2="0">
    <subfield code="a">Star wars IV : una nueva esperanza/ </subfield>
    <subfield code="c">escrita y dirigida por George Lucas.</subfield>
  </datafield>
  <datafield tag="250" ind1=" " ind2=" ">
    <subfield code="a">Edici&#xF3;n limitada.</subfield>
  </datafield>
  <datafield tag="260" ind1="3" ind2=" ">
    <subfield code="a">Lima</subfield>
    <subfield code="b">Editora Vuk, sac</subfield>
    <subfield code="c">2017.</subfield>
  </datafield>
  <datafield tag="300" ind1=" " ind2=" ">
    <subfield code="a">112 paginas</subfield>
    <subfield code="c">29 cm</subfield>
  </datafield>
  <datafield tag="440" ind1=" " ind2="0">
    <subfield code="a">Star Wars Saga episodio ; </subfield>
    <subfield code="v">4</subfield>
  </datafield>
  <datafield tag="500" ind1=" " ind2=" ">
    <subfield code="a">Zonas 4.</subfield>
  </datafield>
  <datafield tag="508" ind1=" " ind2=" ">
    <subfield code="a">Producida por Gary Kurtz.</subfield>
  </datafield>
  <datafield tag="511" ind1="1" ind2=" ">
    <subfield code="a">Mark Hamill, Harrison Ford, Carrie Fishcer, Peter Cushing y Alec Guinness.</subfield>
  </datafield>
  <datafield tag="520" ind1=" " ind2=" ">
    <subfield code="a">La princesa Leia, l&#xFFFD;der del movimiento rebelde que desea reinstaurar la Rep&#xFFFD;blica en la galaxia en los tiempos ominosos del Imperio, es capturada por las mal&#xFFFD;volas Fuerzas Imperiales, capitaneadas por el implacable Darth Vader, el sirviente m&#xFFFD;s fiel del emperador. El intr&#xFFFD;pido Luke Skywalker, ayudado por Han Solo, capit&#xFFFD;n de la nave espacial "El Halc&#xFFFD;n Milenario", y los androides, R2D2 y C3PO, ser&#xFFFD;n los encargados de luchar contra el enemigo y rescatar a la princesa para volver a instaurar la justicia en el seno de la Galaxia.</subfield>
  </datafield>
  <datafield tag="650" ind1=" " ind2=" ">
    <subfield code="a">Cine estadounidense</subfield>
    <subfield code="v"> Videodiscos digitales.</subfield>
  </datafield>
  <datafield tag="650" ind1=" " ind2=" ">
    <subfield code="a">Novela</subfield>
    <subfield code="v"> Videodiscos digitales.</subfield>
  </datafield>
  <datafield tag="650" ind1=" " ind2="6">
    <subfield code="a">Acci&#xFFFD;n</subfield>
    <subfield code="v"> Videodiscos digitales.</subfield>
  </datafield>
  <datafield tag="650" ind1=" " ind2="6">
    <subfield code="a">Fantas&#xFFFD;a</subfield>
    <subfield code="v"> Videodiscos digitales.</subfield>
  </datafield>
  <datafield tag="650" ind1=" " ind2=" ">
    <subfield code="a">Historias de aventuras</subfield>
    <subfield code="v"> Videodiscos digitales.</subfield>
  </datafield>
  <datafield tag="650" ind1=" " ind2=" ">
    <subfield code="a">Guerra espacial</subfield>
    <subfield code="v"> Videodiscos digitales.</subfield>
  </datafield>
  <datafield tag="700" ind1="1" ind2=" ">
    <subfield code="a">Lucas, George, </subfield>
    <subfield code="d">1944-, </subfield>
    <subfield code="e">director.</subfield>
  </datafield>
  <datafield tag="942" ind1=" " ind2=" ">
    <subfield code="2">ddc</subfield>
    <subfield code="c">BKLIT</subfield>
  </datafield>
  <datafield tag="949" ind1=" " ind2=" ">
    <subfield code="a">n            </subfield>
    <subfield code="b">n</subfield>
  </datafield>
  <datafield tag="999" ind1=" " ind2=" ">
    <subfield code="c">12839</subfield>
    <subfield code="d">12839</subfield>
  </datafield>
  <datafield tag="952" ind1=" " ind2=" ">
    <subfield code="0">0</subfield>
    <subfield code="1">0</subfield>
    <subfield code="2">ddc</subfield>
    <subfield code="4">0</subfield>
    <subfield code="7">0</subfield>
    <subfield code="8">LA</subfield>
    <subfield code="a">BPMOS</subfield>
    <subfield code="b">BPMOS</subfield>
    <subfield code="d">2021-01-26</subfield>
    <subfield code="e">Compra</subfield>
    <subfield code="i">NT</subfield>
    <subfield code="l">27</subfield>
    <subfield code="m">3</subfield>
    <subfield code="o">NG LUKA</subfield>
    <subfield code="p">MOS500521</subfield>
    <subfield code="r">2026-05-25</subfield>
    <subfield code="s">2026-03-19</subfield>
    <subfield code="t">ej 1</subfield>
    <subfield code="w">2021-01-26</subfield>
    <subfield code="y">BKLIT</subfield>
    <subfield code="z">Quince dias</subfield>
  </datafield>
</record>
